Quizzes
Events
Quiz Creation
Community
Videos
Private Events
Remove Ads
Sign In
Join for FREE
Feedback
Dark Mode
Quiz Categories
Sports
Geography
Music
Movies
Television
Just For Fun
Miscellaneous
History
Literature
Language
Science
Gaming
Entertainment
Religion
Holiday
For Kids
Quiz Lab
Recent
Popular Today
Quiz Kudos Today
Editor Picks
Curator Picks
Quizzes by...
Day
Popularity
Type
Ratings
Length
Year
Community
Subscriptions
Recent Discussions
Orange Saloon
Badges
Playlists
Quests
Create
Leaderboards
Showdown
Live 5
Trivia Bingo
Activity
Puzzle Library
Sporcle Events
Private Events
Virtual Trivia
Globe League
Become a Host
Pub Owners
SporcleCon
Opinionation
Our Games
Videos
Blog
Mobile Apps
Partnerships
Remove Ads and Go Orange
Feedback
Music
Pop Music
The Beatles
Song
Album
Lyrics
Bands
Singers
Artist
Clip
Rock
Rap
Classical
Billboard
Country Music
Kpop
Taylor Swift
Music
Pop Music
The Beatles
Song
Album
Lyrics
Bands
Singers
Artist
Clip
Rock
Rap
Classical
Billboard
Country Music
Kpop
Taylor Swift
Random Quiz
Search Sporcle
×
Quiz Lab
Quiz Lab
Music
Album
Type in answers that appear in a list
Type in answers that appear in a list
Classic
Best Score? Go Orange.
House of Heroes Songs Stats
Can you name the House of Heroes songs?
By
CelticBlue
15m
111 Questions
24 Plays
24 Plays
24 Plays
Comments
Comments
Give Quiz Kudos
Give Quiz Kudos
-
- Ratings
hide this ad
Replay
Link that replays current quiz
Next Quiz
Link to next quiz in quiz playlist
You Got
0%
They Got
Avg Score
58%
Avg Friend Score
Upgrade to see
Score Distribution
Jump to the score distribution portion of the page
Score
0/111
Timer
15:00
0
Plays Today
Album
Song
% Correct
The End Is Not the End
Baby's a Red
91.7%
Colors
God
90%
Colors
Colors Run
90%
The End Is Not the End
Intro
87.5%
The End Is Not the End
Code Name: Raven
87.5%
The End Is Not the End
If
83.3%
The Knock-
Down Drag-
Outs
Ghost
83.3%
Colors
Rat
80%
What You Want Is Now
Mercedes Baby
79.2%
Say No More
Mercedes Baby
79.2%
Say No More
Serial Sleepers
79.2%
The End Is Not the End
Faces
79.2%
The End Is Not the End
Voices
79.2%
Suburba
Elevator
79.2%
Suburba
God Save the Foolish Kings
79.2%
The End Is Not the End
Dangerous
75%
The End Is Not the End
In the Valley of the Dying Sun
75%
The End Is Not the End
By Your Side
75%
The End Is Not the End
Journey Into Space, Pt. 1
75%
Suburba
Love Is for the Middle Class
75%
Cold Hard Want
The Cop
75%
The Knock-
Down Drag-
Outs
Choose Your Blade
75%
Say No More
Angels In Top Hats...
70.8%
Say No More
Buckets for Bullet Wounds
70.8%
Say No More
Friday Night
70.8%
Say No More
Make a Face Like You Mean It (Vampires)
70.8%
Say No More
Suicide Baby
70.8%
The End Is Not the End
Lose Control
70.8%
The End Is Not the End
Field of Daggers
70.8%
Suburba
Relentless
70.8%
Suburba
She Mighty Mighty
70.8%
The Knock-
Down Drag-
Outs
New Moon
70.8%
The Knock-
Down Drag-
Outs
Day by Day
70.8%
The Christmas Classics EP
Silent Night
70.8%
Colors
Matador
70%
What You Want Is Now
Katie Baby
66.7%
Say No More
You Are the Judas of the Cheerleading Squad
66.7%
Album
Song
% Correct
The Christmas Classics EP
O Come, O Come Emmanuel
66.7%
Cold Hard Want
Dance (Blow It All Away)
66.7%
Cold Hard Want
Comfort Trap
66.7%
The Knock-
Down Drag-
Outs
Galveston
66.7%
The Knock-
Down Drag-
Outs
Ob-La-Di, Ob-La-Da
66.7%
What You Want Is Now
Your Wurlitzer
62.5%
Say No More
Fast Enough
62.5%
Say No More
Metaphor In Parentheses
62.5%
The End Is Not the End
Sooner or Later
62.5%
The End Is Not the End
Drown
62.5%
The Christmas Classics EP
All I Want for Christmas Is You
62.5%
Suburba
Salt in the Sea
62.5%
Suburba
Independence Day for a Petty Thief
62.5%
Suburba
Constant
62.5%
Suburba
Burn Me Down
62.5%
Cold Hard Want
Remember the Empire
62.5%
Cold Hard Want
We Were Giants
62.5%
Cold Hard Want
Angels of Night
62.5%
Cold Hard Want
Suspect
62.5%
Cold Hard Want
Stay
62.5%
Cold Hard Want
Curtains
62.5%
The Knock-
Down Drag-
Outs
Dead
62.5%
The Knock-
Down Drag-
Outs
Your Casualty
62.5%
The Knock-
Down Drag-
Outs
Patient
62.5%
The Knock-
Down Drag-
Outs
If (Acoustic)
62.5%
The Knock-
Down Drag-
Outs
Serial Sleepers (Acoustic)
62.5%
The Knock-
Down Drag-
Outs
Can't Buy Me Love
62.5%
Colors
Colors Die Out
60%
Colors
We Make Our Stars
60%
Colors
Pioneer
60%
What You Want Is Now
Barbara's Birthday
58.3%
What You Want Is Now
The Drugs The Drugs
58.3%
What You Want Is Now
Uncomfortable (What You Want Is Now)
58.3%
Say No More
The Invisible Hook
58.3%
The End Is Not the End
Leave You Now
58.3%
Suburba
Somebody Knows
58.3%
Suburba
Disappear
58.3%
Album
Song
% Correct
Cold Hard Want
A Man Who's Not Afraid
58.3%
Cold Hard Want
Out My Way
58.3%
Cold Hard Want
I am a Symbol
58.3%
The Knock-
Down Drag-
Outs
Hide
58.3%
The Knock-
Down Drag-
Outs
Lovesick Zombie
58.3%
The Knock-
Down Drag-
Outs
The Young and the Brutal
58.3%
The Knock-
Down Drag-
Outs
It Won't Be Long
58.3%
The Knock-
Down Drag-
Outs
Remember the Empire (Family Force 5 Phenomenon Remix)
58.3%
The Knock-
Down Drag-
Outs
Suspect (McSwagger Remix)
58.3%
The Knock-
Down Drag-
Outs
The Voices of Suburba
58.3%
Christmas Single
The Rebel Jesus
58.3%
Smoke EP
Bottle Rocket
57.9%
Smoke EP
Infinite
57.9%
What You Want Is Now
Julia
54.2%
What You Want Is Now
The Lead Role in the Cage
54.2%
What You Want Is Now
Kamikaze Baby
54.2%
Say No More
Pulling Back the Skin
54.2%
Suburba
So Far Away
54.2%
Cold Hard Want
Touch This Light
54.2%
Hark! the House of Heroes Sing EP
God Rest Ye Merry Gentlemen & Joy to the World
53.3%
Hark! the House of Heroes Sing EP
Christmas Morning
53.3%
Smoke EP
The Worst Kind of gods
52.6%
Smoke EP
A Fire Only We Know
52.6%
Gotee Records: 20 Years Brand New Contribution
Stereo
52.6%
What You Want Is Now
[untitled]
50%
What You Want Is Now
Honesty
50%
What You Want Is Now
Something of an Optimist
50%
What You Want Is Now
Nobody Loves No One
50%
Colors
Crash
50%
Colors
Feel
50%
Smoke EP
Wake Up Screaming
47.4%
Smoke EP
Satisfied
47.4%
Hark! the House of Heroes Sing EP
O Holy Night
46.7%
Colors
Get Away
40%
Colors
Shots Fired
40%
Colors
In the End
30%
Colors
This City Is a Cage
30%
Quiz Playlist
Details
Report
Send in Message
Add To Playlist
Classic:
Type in answers that appear in a list
Last Updated: Feb 16, 2017
Quiz Scoreboard
CHALLENGE
Sign Up to Join the Scoreboard
Show All
Scores
Hide
Comments
May contain spoilers
Recently Published
Billboard Blitz: Fleetwood Mac
by CooCooCachoo
Music
15s
Presidents Visiting Landmarks
by Hejman
History
7m
An Introduction to Baseball
by treessimontrees
Sports
5m
More to Explore
Quiz From the Vault
Featured Blog Post
Where Did the Easter Bunny Come From?
hide this ad
You Might Also Like...
Tags
Album Quiz
Song Quiz
Here
house
Today's Top Quizzes in Music
Browse Music
hide this ad
Today's Top Quizzes in Album
Browse Album
Top Contributed Quizzes in Music
1
Taylor Swift All Songs (2024)
2
Guess the Artist- 70s Songs
3
7-to-1: Billboard Hot 100 #1 Hits of 2010s
4
Sorting Albums and Songs
5
Taylor Swift Logic Puzzle
6
KPOP LOGIC QUIZ
7
2010s Album by Cover III
8
One Thing in Common: Music
9
Guess the Taylor Swift song (Mystery Song)
10
Guess The Taylor Swift Lyrics Song #1
Explore More
Trending Topics
Harry Potter
Marvel
Kpop
Disney
Crossword
NBA
Anime
The Office
Song
Pokémon
WWE
NFL
Puzzle
Soccer
Country
hide this ad
More By:
CelticBlue
Quiz
Plays
Rating
Category
Featured
Created
Harvest Moon / Rune Factory Games
224
5.00
Gaming
Oct 16, 2013
Halo Games
53
2.00
Gaming
Oct 17, 2013
House of Heroes Songs
24
Music
Nov 13, 2013
Go to Creator's Profile
Score Distribution
Quiz Creator Spotlight
CelticBlue
Follow
Send a Message
Quizzes Created
-
Created Quiz Play Count
-
More By This Creator
Popular Quizzes Today
1
Find the US States - No Outlines Minefield
2
Find the Countries of Europe - No Outlines Minefield
3
The Countries of the World
4
Find the US States
5
US States
6
Risky Map Clicking: Biggest States A-Z
7
Popular People in 1961
8
Movies - When Are They Set?
More Music Quizzes
Complete The Who Songs
Published
Trending Quizzes
Risky Map Clicking: Least Populous States A-Z
1-10 Letter G Words
1-10 Letter F Words
Risky Map Clicking: Next State Alphabetically
Risky Map Clicking: Biggest States A-Z
Recently Updated
Leaping Animals
pecheneg
Reality TV Shows (A-Z)
bhenderson79
Rickey Henderson's Hall of Fame Teammates
pecheneg
Champions League XIs: Arsenal
pecheneg
Quick Pick: Celebrities in WWE's Hall of Fame
aduchscher
A-Z Keypad Blitz II
pecheneg
Multiple Oscar Actors
pecheneg
Mystery Phrase Blitz: Oscar 'Best Actors'
pecheneg
F. Scott Fitzgerald Novels
LTH
Pick 3 Villains
ddd62291
Trending Topics
Anime
Harry Potter
Disney
Crossword
NBA
Marvel
Kpop
Song
Country
WWE
Puzzle
Pokémon
NFL
The Office
Soccer
Your Account Isn't Verified!
In order to create a playlist on Sporcle, you need to verify the email address you used during registration. Go to your
Sporcle Settings
to finish the process.
Report this User
Report this user for behavior that violates our
Community Guidelines
.
Details:
Send Report
Go to the Sporcle.com Mobile Site →
Comments